00777nam a2200241Ia 450000100060000000300090000600800410001504000130005604000130006904100120008210000190009410000290011324500580014224500410020025000110024126000180025226000260027026000490029630000590034550000850040465000150048965000310050434193IT-RoPAU130308s9999 xx 000 0 und d aIT-RoPAU cIT-RoPAU aINGLESE aBarthes Roland gCodice Aut. SPICS: 9514 aIntroduction to the Structural Analysis of Narratives bCulture, Ideology And Social Process a1a ed. aMILTON KEYNES bOpen University Press c1983 [1° Ed.:1981 - Ed.Ling.Originale:1981] a"20 p. (prefazione: no ; testo: 20 [pagine: 165-184])" aIntroduzione All'Analisi Strutturale della Narrazione Linguaggio della Narrativa aSOCIOLOGIA eCodice materia Spics: 3651